Normal view
MARC view
Entry Topical Term
001 - CONTROL NUMBER
- control field: 3888
003 - CONTROL NUMBER IDENTIFIER
- control field: OSt
005 - DATE AND TIME OF LATEST TRANSACTION
- control field: 20230920115419.0
008 - FIXED-LENGTH DATA ELEMENTS
- fixed length control field: 230920|| aca||aabn | a|a d
040 ## - CATALOGING SOURCE
- Original cataloging agency: OSt
- Transcribing agency: OSt
150 ## - HEADING--TOPICAL TERM
- Topical term or geographic name entry element: mafia
670 ## - SOURCE DATA FOUND
- Source citation: Work cat.: (OSt)0: Grisham, John, 1955- 3361, Klient, 2019